La vita sessuale : problemi, risposte /
Guardat en:
| Autor principal: | |
|---|---|
| Altres autors: | , |
| Format: | Llibre |
| Idioma: | italià |
| Publicat: |
Milano :
Idealibri,
1982
|
| Etiquetes: |
Sense etiquetes, Sigues el primer a etiquetar aquest registre!
|
MARC
| LEADER | 00000nam a22000007i 4500 | ||
|---|---|---|---|
| 001 | IT\ICCU\LIA\0236945 | ||
| 003 | ItRI | ||
| 005 | 20260115231919.0 | ||
| 008 | 980317s1982 it |||||| ||||| |||||c | ||
| 020 | |a 8870820157 | ||
| 040 | |b ita |c importazione bologna sebina | ||
| 041 | 7 | |a ita |2 ISO-639-2 | |
| 100 | 1 | |a Carrera, Michael |0 IT\ICCU\CFIV\133140 |4 aut | |
| 240 | 1 | 0 | |a Sex. |3 IT\ICCU\CFI\0252878 |9 Carrera, Michael |
| 245 | 1 | 3 | |a La vita sessuale : |b problemi, risposte / |c Michael Carrera ; prefazione di Willy Pasini. |
| 260 | |a Milano : |b Idealibri, |c 1982 | ||
| 300 | |a 448 p. : |b ill. ; |c 27 cm | ||
| 500 | |a Traduzione a cura del dr. Giuliano Pogliani. | ||
| 700 | 1 | |a Pasini, Willy |0 IT\ICCU\CFIV\023507 | |
| 700 | 1 | |a Pogliani, Giuliano |0 IT\ICCU\CFIV\010651 | |
| 942 | |2 ddc |c BK |n 0 | ||
| 952 | |0 0 |1 0 |4 0 |6 DOC_613_960000000000000_CAR |7 0 |9 16292 |a BO |b BO |d 2026-01-15 |i 6621 |l 0 |o DOC 613.96 CAR |p BO6621 |r 2026-01-15 23:19:19 |w 2026-01-15 |x [Sebina 5] [1 v.] |y BK |z 1 v. | ||
| 999 | |c 13979 |d 13979 | ||